Lecture notes on functional analysis: With applications to linear partial differential equations (Record no. 1466008)

MARC details
000 -LEADER
fixed length control field 01048nam a2200181 4500
005 - DATE AND TIME OF LATEST TRANSACTION
control field 20251208101901.0
008 - FIXED-LENGTH DATA ELEMENTS--GENERAL INFORMATION
fixed length control field 251208b |||||||| |||| 00| 0 eng d
020 ## - INTERNATIONAL STANDARD BOOK NUMBER
International Standard Book Number 9781470425890
037 ## - SOURCE OF ACQUISITION
Terms of availability Textual
040 ## - CATALOGING SOURCE
Original cataloging agency RTL
Transcribing agency RTL
084 ## - COLON CLASSIFICATION NUMBER
Assigning agency RTL
100 ## - MAIN ENTRY--PERSONAL NAME
Personal name Bressan, Alberto
9 (RLIN) 855038
245 ## - TITLE STATEMENT
Title Lecture notes on functional analysis: With applications to linear partial differential equations
260 ## - PUBLICATION, DISTRIBUTION, ETC.
Place of publication, distribution, etc. Island
Name of publisher, distributor, etc. American Mathematical Society
Date of publication, distribution, etc. 2013
300 ## - PHYSICAL DESCRIPTION
Extent xii, 250 p.
Other physical details Includes bibliographical reference and index
520 ## - SUMMARY, ETC.
Summary, etc. The book is intentionally concise, presenting all the fundamental concepts and results but omitting the more specialized topics. Enough of the theory of Sobolev spaces and semigroups of linear operators is included as needed to develop significant applications to elliptic, parabolic, and hyperbolic PDEs. Throughout the book, care has been taken to explain the connections between theorems in functional analysis and familiar results of finite-dimensional linear algebra.
942 ## - ADDED ENTRY ELEMENTS (KOHA)
Source of classification or shelving scheme Colon Classification (CC)
Suppress in OPAC No
Koha item type Textual
Holdings
Withdrawn status Lost status Source of classification or shelving scheme Damaged status Not for loan Home library Current library Date acquired Total Checkouts Barcode Date last seen Price effective from Koha item type
    Colon Classification (CC)     Ratan Tata Library Ratan Tata Library 2025-12-08   RT1528552 2025-12-08 2025-12-08 Textual
Copyright @ Delhi University Library System